Culture in English Language Teaching: (Record no. 195905)

MARC details
000 -LEADER
fixed length control field 00613nam a2200181 4500
005 - DATE AND TIME OF LATEST TRANSACTION
control field 20230509105727.0
010 ## - LCCN (DPL NO)
LC control number ENG-136784
020 ## - INTERNATIONAL STANDARD BOOK NUMBER
International Standard Book Number 9789390692170
Terms of availability 650.00
035 ## - SYSTEM CONTROL NUMBER
System control number EN-120316
037 ## - SOURCE OF ACQUISITION
Source of stock number/acquisition DBAD/PUB
082 ## - DEWEY DECIMAL CLASSIFICATION NUMBER
Classification number 428.007105417
100 ## - MAIN ENTRY--PERSONAL NAME
Personal name Yumnam, Rosy
245 ## - TITLE STATEMENT
Title Culture in English Language Teaching:
Remainder of title The Use of the Puyas in the English Language Classroom/
Statement of responsibility, etc By Rosy Yumnam
260 ## - PUBLICATION, DISTRIBUTION, ETC. (IMPRINT)
Place of publication, distribution, etc New Delhi
Name of publisher, distributor, etc Mittal Publications
Date of publication, distribution, etc 2021
270 ## - ADDRESS
Address 4594/9, Daryaganj
City New Delhi
Postal code 110002
Electronic mail address info@mittalbooks.com
300 ## - PHYSICAL DESCRIPTION
Extent 164p
Dimensions 22cm(hbk)
942 ## - ADDED ENTRY ELEMENTS (KOHA)
Source of classification or shelving scheme Dewey Decimal Classification
Item type English Books
Call number suffix YUM
Classification part 428.007105417
Holdings
Withdrawn status Lost status Not for loan Collection code Home library Current library Date acquired Source of acquisition Cost, normal purchase price Full call number Barcode Copy number Cost, replacement price Koha item type
      Non-fiction Shahdara Branch Shahdara Branch 09/05/2023 DBAB/PUB 650.00 428.007105417 YUM EN-120316 1 650.00 English Books

© Delhi Public Library
Hit Counter
free hit counter